000 00302nam a22001337a 4500
008 170911b xxu||||| |||| 00| 0 eng d
020 _a009445313
041 _aeng
080 _23RD
_a52
100 _a42
101 _aAST
245 _aVOYAGES TO THE STARS AND GALAXIES
_cFRAKNOI,A
942 _2udc
_cBK
999 _c27004
_d27004